Prehľad vedecko-výskumných prác za roky 1975-1979

Na minha lista:
Detalhes bibliográficos
Formato: Livro
Idioma:eslovaco
Publicado em: Bratislava Výskumný ústav oblastného plánovania 1980
Tags: Adicionar Tag
Sem tags, seja o primeiro a adicionar uma tag!

MARC

LEADER 00000nam a2200000 4500
001 c140327
005 20041019155318.5
041 0 |a slo 
044 |a SK 
245 1 0 |a Prehľad vedecko-výskumných prác za roky 1975-1979 
264 1 |a Bratislava  |b Výskumný ústav oblastného plánovania  |c 1980 
300 |a 105 s.